| 000 | 00000nas##2200000za#4500 |
| 001 | 9.515606 |
| 003 | CaOODSP |
| 005 | 20200325132707 |
| 007 | ta |
| 008 | 150406c2009||||xxc|| p #||||f| |0eng|d |
| 022 | |a1910-6122 |
| 040 | |aCaOODSP|beng |
| 043 | |an-cn--- |
| 086 | 1 |aH22-1/1E |
| 110 | 1 |aCanada.|bHealth Canada. |bStrategic Policy Branch. |
| 245 | 10|aHealth Canada's Research Ethics Board, annual report |
| 260 | |aOttawa - Ontario : |bHealth Canada. |
| 310 | |aAnnual |
| 362 | 1 |a2008-2009 -- |
| 520 | 3 |aDescribes the mandate of the Board, key results achieved and also the activities of the Research Ethics Board (REB) Secretariat in the Science Policy Directorate, Strategic Policy Branch of Health Canada. Also featured is a summary of the REB’s role, future goals and profile of members of the Board. |
| 690 | 07|aScientific research|2gcpds |
| 690 | 07|aEthics|2gcpds |
| 775 | 08|tComité d'éthique de la recherche de Santé Canada, rapport annuel |w(CaOODSP)9.513931 |
| 776 | 0#|tHealth Canada's Research Ethics Board, annual report |w(CaOODSP)9.505674 |